| 000 | 00390pab a2200145 454500 | ||
|---|---|---|---|
| 008 | 180718b2004 xxu||||| |||| 00| 0 eng d | ||
| 100 | _aNaik, B.M. | ||
| 245 | _aHigher education institutes can do better they need world class vision | ||
| 260 | _c2004 | ||
| 300 | _ap.66-70. | ||
| 362 | _a15 Nov | ||
| 650 | _aHigher education institutions | ||
| 773 | _aUniversity News | ||
| 909 | _a63209 | ||
| 999 |
_c63209 _d63209 |
||